El traje indigena en Mexico /

Bibliographic Details
Main Author: Castelló Yturbide, Teresa
Other Authors: Mapelli Mozzi Parodi, Carlotta
Format: Book
Language:Spanish
English
Published: Mexico : Instituto Nacional de Antropologia e Historia, 1965-66.
Subjects:

MARC

Tag First Indicator Second Indicator Subfields
LEADER 00000cam a2200000 4500
001 in00000324613
005 20240509195542.9
008 750310m19651966mx ef b f000 0 spa
010 |a  67120378  
035 |a (OCoLC)01207679 
035 |9 ABJ5401AM 
040 |a DLC  |c AKR  |d TXA  |d UtOrBLW 
041 0 |a spa  |a eng 
043 |a n-mx--- 
049 |a [Folio] TXAM  |d [  |v = pt.  |p = atlas]  |v 1 [1188139]  |v 2 [1188140]  |p [1188141] 
050 0 0 |a F1219.3.C75  |b C3 
100 1 |a Castelló Yturbide, Teresa. 
245 1 3 |a El traje indigena en Mexico /  |c Dibujos de Teresa Castello Yturbide; texto de Carlotta Mapelli Mozzi. 
264 1 |a Mexico :  |b Instituto Nacional de Antropologia e Historia,  |c 1965-66. 
300 |a 2 parts ;  |c 27 cm.  |a and portfolio (86 plates, part color) 56 cm. 
336 |a text  |b txt  |2 rdacontent 
337 |a unmediated  |b n  |2 rdamedia 
338 |a volume  |b nc  |2 rdacarrier 
500 |a Pt. 2 contains the text in English and has title: Indian dress in Mexico. 
500 |a Both volumes inserted in portfolio. 
500 |a TAMU Library copy imperfect: col. plates nos. 2, 3, 6, 9 wanting. 
504 |a Bibliography: volume 1, pages 93-94. 
650 0 |a Indians of Mexico  |x Clothing. 
650 0 |a Indian embroidery  |z Mexico. 
650 0 |a Indians of Mexico  |x Pictorial works. 
650 0 |a Embroidery  |v Patterns. 
700 1 |a Mapelli Mozzi Parodi, Carlotta. 
740 0 |a Indian dress in Mexico. 
999 |a MARS 
999 f f |s 0bf707cf-6d06-348e-961a-7c82bf045bb7  |i 7153b19e-1864-301f-9426-426b084f5974  |t 0 
952 f f |p normal  |a Texas A&M University  |b College Station  |c Sterling C. Evans Library  |s Evans stk  |d Evans: Library Stacks  |t 0  |e F1219.3.C75 C3  |h Library of Congress classification  |i unmediated -- volume  |k pt.2  |m A14805831429 
952 f f |a Texas A&M University  |b Rellis Campus  |c Joint Library Facility  |d Remote Storage  |e F1219.3.C75 C3  |f Oversize  |h Library of Congress classification  |i unmediated -- volume  |k pt.1-2  |l Atlas  |m A14805831437  |p ric  |s JLF  |t 0 
952 f f |p normal  |a Texas A&M University  |b College Station  |c Sterling C. Evans Library  |s Evans stk  |d Evans: Library Stacks  |t 0  |e F1219.3.C75 C3  |h Library of Congress classification  |i unmediated -- volume  |k pt.1  |m A14806463350 
998 f f |a F1219.3.C75 C3  |s 2 parts, atlas  |t 0  |l Remote Storage 
998 f f |a F1219.3.C75 C3  |s pt.1-2  |t 0  |l Evans: Library Stacks